|
|
|
|
| LEADER |
00000nam0a2200000 4500 |
| 001 |
303716 |
| 005 |
20231102001630.0 |
| 035 |
|
|
|a (RuTPU)RU\TPU\book\328943
|
| 090 |
|
|
|a 303716
|
| 100 |
|
|
|a 20150904d1983 k y0rusy50 ca
|
| 101 |
0 |
|
|a rus
|
| 102 |
|
|
|a KG
|
| 105 |
|
|
|a a z 001zy
|
| 200 |
1 |
|
|a Геофизические исследования сейсмогенных зон Киргизии
|f Академия наук Киргизской ССР (АН КиргССР), Институт сейсмологии ; под ред. К. Е. Калмурзаева
|
| 210 |
|
|
|a Фрунзе
|c Илим
|d 1983
|
| 215 |
|
|
|a 224 с.
|c ил.
|
| 320 |
|
|
|a Библиография в конце статей
|
| 606 |
|
|
|a Сейсмические наблюдения
|2 stltpush
|3 (RuTPU)RU\TPU\subj\54374
|9 72531
|
| 610 |
1 |
|
|a геофизические исследования
|
| 610 |
1 |
|
|a Киргизская ССР
|
| 610 |
1 |
|
|a сейсмические районы
|
| 675 |
|
|
|a 550.34
|v 4
|
| 702 |
|
1 |
|a Калмурзаев
|b К. Е.
|4 340
|
| 712 |
0 |
2 |
|a Академия наук Киргизской ССР (АН КиргССР)
|b Институт сейсмологии
|2 stltpush
|3 (RuTPU)RU\TPU\col\18213
|
| 801 |
|
1 |
|a RU
|b 63413507
|c 20150904
|
| 801 |
|
2 |
|a RU
|b 63413507
|c 20170905
|g RCR
|
| 942 |
|
|
|c BK
|